00628nac a22001811u 4500010001600000020001500016082002000031090001500051100003400066245007100100260004900171300003500220650002500255700002200280942002200302999001500324952010700339 a 99063645 a067231577700a005.7585bA9351 c4542d4542 aAustin, David, 10aMigrating to Oracle8i /cDavid Austin, Meghraj Thakkar, Kurt Lysy. aIndianapolis, IN :bSams Pub.,c2000.cc2000. axxii, 708 p. :bill. ;c23 cm. 0aDatabase management.1 aThakkar, Meghraj. cBBk005.7585A9351 c4542d4542 00104070aMAINbMAINcLOWd2010-09-07ePurchasel0o005.7585 AUSp000005304r2025-07-15 00:00:00yBB